Daily Country Riddle #76 - Statistics

General Stats
  • This quiz has been taken 156 times
  • The average score is 9 of 11
Answer Stats
Type Answer % Correct
Found Letter A
98%
Found Letter N
98%
Found Letter I
93%
Found Letter P
89%
Correctly Placed Letter N
84%
Correctly Placed Letter I
82%
Correctly Placed Letter A
81%
Correctly Placed Letter S
77%
Found Letter S
77%
Correctly Placed Letter P
74%
Mystery Country Spain
74%
No matching quizzes found
Score Distribution
Percent of People with Each Score
Percentile by Number Answered
Your Score History
You have not taken this quiz